<?xml version="1.0" encoding="UTF-8"?>
<record
    xmlns:xsi="http://www.w3.org/2001/XMLSchema-instance"
    xsi:schemaLocation="http://www.loc.gov/MARC21/slim http://www.loc.gov/standards/marcxml/schema/MARC21slim.xsd"
    xmlns="http://www.loc.gov/MARC21/slim">

  <leader>00677nam a22001697a 4500</leader>
  <controlfield tag="005">20260313123132.0</controlfield>
  <controlfield tag="008">260313b        |||||||| |||| 00| 0 eng d</controlfield>
  <datafield tag="020" ind1=" " ind2=" ">
    <subfield code="a">9798895563007</subfield>
  </datafield>
  <datafield tag="040" ind1=" " ind2=" ">
    <subfield code="c">VITAP</subfield>
  </datafield>
  <datafield tag="082" ind1=" " ind2=" ">
    <subfield code="2">23</subfield>
    <subfield code="a">658.3113 RAJ</subfield>
  </datafield>
  <datafield tag="100" ind1=" " ind2=" ">
    <subfield code="a">Raja, Y. Narasimha</subfield>
    <subfield code="9">17236</subfield>
  </datafield>
  <datafield tag="245" ind1=" " ind2=" ">
    <subfield code="a">Group Discussion Techniques</subfield>
    <subfield code="b">: 101 Group Discussion Techniques for Participants &amp; HR</subfield>
    <subfield code="c">/ Dr. Y. Raja Narasimha</subfield>
  </datafield>
  <datafield tag="260" ind1=" " ind2=" ">
    <subfield code="a">California</subfield>
    <subfield code="b">Notion Press</subfield>
    <subfield code="c">2024</subfield>
  </datafield>
  <datafield tag="300" ind1=" " ind2=" ">
    <subfield code="a">iv, 104p, .: 20cm</subfield>
  </datafield>
  <datafield tag="650" ind1=" " ind2="0">
    <subfield code="a">Introduction to Group Discussion, Types of Group Discussions, Structure of a Group Discussion, Communication Skills in GD, Leadership in Group Discussion etc.</subfield>
    <subfield code="9">17237</subfield>
  </datafield>
  <datafield tag="942" ind1=" " ind2=" ">
    <subfield code="2">ddc</subfield>
    <subfield code="c">BK</subfield>
  </datafield>
  <datafield tag="999" ind1=" " ind2=" ">
    <subfield code="c">47343</subfield>
    <subfield code="d">47343</subfield>
  </datafield>
  <datafield tag="952" ind1=" " ind2=" ">
    <subfield code="0">0</subfield>
    <subfield code="1">0</subfield>
    <subfield code="2">ddc</subfield>
    <subfield code="3">Paper Back</subfield>
    <subfield code="4">0</subfield>
    <subfield code="7">1</subfield>
    <subfield code="8">REF</subfield>
    <subfield code="a">VSB</subfield>
    <subfield code="b">VITAP</subfield>
    <subfield code="c">REF</subfield>
    <subfield code="d">2026-01-30</subfield>
    <subfield code="e">Paramount Book Distributors</subfield>
    <subfield code="g">200.00</subfield>
    <subfield code="i">15624</subfield>
    <subfield code="l">0</subfield>
    <subfield code="o">658.3113 RAJ</subfield>
    <subfield code="p">025605</subfield>
    <subfield code="r">2026-03-13 12:32:00</subfield>
    <subfield code="v">200.00</subfield>
    <subfield code="w">2026-01-30</subfield>
    <subfield code="y">REF</subfield>
    <subfield code="z">MGT</subfield>
  </datafield>
  <datafield tag="952" ind1=" " ind2=" ">
    <subfield code="0">0</subfield>
    <subfield code="1">0</subfield>
    <subfield code="2">ddc</subfield>
    <subfield code="3">Paper Back</subfield>
    <subfield code="4">0</subfield>
    <subfield code="7">0</subfield>
    <subfield code="a">VSB</subfield>
    <subfield code="b">VITAP</subfield>
    <subfield code="c">GEN</subfield>
    <subfield code="d">2026-01-30</subfield>
    <subfield code="e">Paramount Book Distributors</subfield>
    <subfield code="g">200.00</subfield>
    <subfield code="i">15624</subfield>
    <subfield code="l">0</subfield>
    <subfield code="o">658.3113 RAJ</subfield>
    <subfield code="p">025606</subfield>
    <subfield code="r">2026-03-13 12:32:55</subfield>
    <subfield code="v">200.00</subfield>
    <subfield code="w">2026-01-30</subfield>
    <subfield code="y">BK</subfield>
    <subfield code="z">MGT</subfield>
  </datafield>
  <datafield tag="952" ind1=" " ind2=" ">
    <subfield code="0">0</subfield>
    <subfield code="1">0</subfield>
    <subfield code="2">ddc</subfield>
    <subfield code="3">Paper Back</subfield>
    <subfield code="4">0</subfield>
    <subfield code="7">0</subfield>
    <subfield code="a">VSB</subfield>
    <subfield code="b">VITAP</subfield>
    <subfield code="c">GEN</subfield>
    <subfield code="d">2026-01-30</subfield>
    <subfield code="e">Paramount Book Distributors</subfield>
    <subfield code="g">200.00</subfield>
    <subfield code="i">15624</subfield>
    <subfield code="l">0</subfield>
    <subfield code="o">658.3113 RAJ</subfield>
    <subfield code="p">025607</subfield>
    <subfield code="r">2026-03-13 12:32:55</subfield>
    <subfield code="v">200.00</subfield>
    <subfield code="w">2026-01-30</subfield>
    <subfield code="y">BK</subfield>
    <subfield code="z">MGT</subfield>
  </datafield>
  <datafield tag="952" ind1=" " ind2=" ">
    <subfield code="0">0</subfield>
    <subfield code="1">0</subfield>
    <subfield code="2">ddc</subfield>
    <subfield code="3">Paper Back</subfield>
    <subfield code="4">0</subfield>
    <subfield code="7">0</subfield>
    <subfield code="a">VSB</subfield>
    <subfield code="b">VITAP</subfield>
    <subfield code="c">GEN</subfield>
    <subfield code="d">2026-01-30</subfield>
    <subfield code="e">Paramount Book Distributors</subfield>
    <subfield code="g">200.00</subfield>
    <subfield code="i">15624</subfield>
    <subfield code="l">0</subfield>
    <subfield code="o">658.3113 RAJ</subfield>
    <subfield code="p">025608</subfield>
    <subfield code="r">2026-03-13 12:32:55</subfield>
    <subfield code="v">200.00</subfield>
    <subfield code="w">2026-01-30</subfield>
    <subfield code="y">BK</subfield>
    <subfield code="z">MGT</subfield>
  </datafield>
  <datafield tag="952" ind1=" " ind2=" ">
    <subfield code="0">0</subfield>
    <subfield code="1">0</subfield>
    <subfield code="2">ddc</subfield>
    <subfield code="3">Paper Back</subfield>
    <subfield code="4">0</subfield>
    <subfield code="7">0</subfield>
    <subfield code="a">VSB</subfield>
    <subfield code="b">VITAP</subfield>
    <subfield code="c">GEN</subfield>
    <subfield code="d">2026-01-30</subfield>
    <subfield code="e">Paramount Book Distributors</subfield>
    <subfield code="g">200.00</subfield>
    <subfield code="i">15624</subfield>
    <subfield code="l">0</subfield>
    <subfield code="o">658.3113 RAJ</subfield>
    <subfield code="p">025609</subfield>
    <subfield code="r">2026-03-13 12:32:55</subfield>
    <subfield code="v">200.00</subfield>
    <subfield code="w">2026-01-30</subfield>
    <subfield code="y">BK</subfield>
    <subfield code="z">MGT</subfield>
  </datafield>
</record>
